Statistiques concernant Dinosaures dans ARK

Cliquez ici pour prendre le quiz!

Statistiques générales

  • Ce quiz a été pris 191 fois
    (170 depuis la dernière actualisation)
  • Le résultat moyen est 37 sur 214

Statistiques - réponses

MapsDinosaures% Correct
The Island (Carnivore)T-rex
91%
The Island (Herbivore)Tricératops
76%
The Island (Carnivore)Raptor
74%
The Island (Volatile)Ptéranodon
69%
The Island (Herbivore)Dodo
65%
The Island (Herbivore)Parasaure
64%
The Island (Herbivore)Brontosaure
62%
The Island (Herbivore)Diplodocus
59%
The Island (Marin)Mégalodon
59%
The Island (Volatile)Quetzal
55%
The Island (Volatile)Argentavis
53%
The Island (Herbivore)Stégosaure
53%
The Island (Carnivore)Allosaure
50%
The Island (Marin)Mosasaure
50%
The Island (Carnivore)Spinosaure
50%
The Island (Carnivore)Carnotaure
46%
The Island (Herbivore)Ankylosaure
45%
The Island (Carnivore)Dilophosaure
41%
BossDragon
41%
The Island (Carnivore)Giganotosaure
41%
The Island (Carnivore)Smilodon
38%
The Island (Carnivore)Compy
36%
The Island (Herbivore)Titanosaure
36%
The Island (Herbivore)Iguanodon
35%
The Island (Marin)Plésiosaure
35%
The Island (Carnivore)Loup sinistre
32%
The Island (Carnivore)Sarcosuchus
32%
The Island (Carnivore)Thylacoleo
32%
Scorched EarthWyvern de feu
32%
The Island (Carnivore)Titanoboa
31%
The Island (Herbivore)Mammouth
28%
The Island (Volatile)Méganeura
28%
Dinosaures TekT-rex Tek
28%
Scorched EarthWyvern de poison
28%
Dinosaures TekParasaure Tek
27%
The Island (Marin)Saumon
27%
Dinosaures AlphaT-rex Alpha
27%
RagnarokWyvern de glace
27%
AberrationDragon rocheux
26%
The Island (Carnivore)Microraptor
26%
Dinosaures TekRaptor Tek
26%
The Island (Marin)Trilobite
26%
The Island (Herbivore)Abeille géante
24%
Scorched EarthGolem de pierre
24%
The Island (Carnivore)Ours sinistre
24%
Dinosaures AlphaRaptor Alpha
24%
The Island (Carnivore)Troodon
24%
Scorched EarthWyvern de foudre
24%
The Island (Carnivore)Aranéo
23%
The Island (Marin)Basilosaure
23%
RagnarokGriffon
23%
The Island (Carnivore)Kaprosuchus
23%
The Island (Herbivore)Thérizinosaure
23%
The Island (Carnivore)Yutyrannus
23%
The Island (Herbivore)Achatina
22%
The Island (Herbivore)Doedicurus
22%
The Island (Marin)Ichtyosaure
22%
Scorched EarthMorellatops
22%
The Island (Marin)Piranha
22%
ValgueroDeinonychus
21%
The Island (Herbivore)Equus
21%
The Island (Herbivore)Gallimimus
21%
Genesis : Part 1Magmasaure
21%
Scorched EarthMantis
21%
The Island (Carnivore)Mégalosaure
21%
The Island (Carnivore)Baryonyx
19%
The Island (Marin)Coelacanthe
19%
The Island (Marin)Manta
19%
The Island (Herbivore)Moschops
19%
The Island (Volatile)Pelagornis
19%
The Island (Herbivore)Phiomia
19%
BossBroodmother
18%
The Island (Herbivore)Gigantopithèque
18%
The Island (Carnivore)Loutre
18%
The Island (Herbivore)Lystrosaure
18%
Dinosaures TekStégosaure Tek
18%
The Island (Volatile)Tapejara
18%
Cristal IslesWyvern de cristal
18%
Dinosaures AlphaCarnotaure Alpha
17%
The Island (Volatile)Dimorphodon
17%
AberrationKarkinos
17%
The Island (Carnivore)Megalania
17%
The Island (Carnivore)Oiseau-terreur
17%
Genesis : Part 1Ferox
15%
ExtinctionHarfang des neiges
15%
Scorched EarthJerboa
15%
The Island (Herbivore)Kentrosaure
15%
BossManticore
15%
The Island (Volatile)Onyc
15%
The Island (Carnivore)Oviraptor
15%
The Island (Herbivore)Ovis
15%
The Island (Herbivore)Yéti
15%
The Island (Carnivore)Arthropleura
14%
AberrationBasilic
14%
The Island (Carnivore)Beelzebufo
14%
The Island (Herbivore)Carbonemys
14%
The Island (Marin)Cnidaria
14%
The Island (Carnivore)Daeodon
14%
ExtinctionGacha
14%
The Island (Herbivore)Licorne
14%
AberrationRavageur
14%
The Island (Herbivore)Rhinocéros laineux
14%
Dinosaures TekTricératops Tek
14%
The Island (Herbivore)Mégalocéros
13%
Dinosaures AlphaMégalodon Alpha
13%
The Island (Herbivore)Pachycéphalosaure
13%
The Island (Herbivore)Paraceratherium
13%
AberrationRoi faucheur
13%
The Island (Marin)Tusoteuthis
13%
ExtinctionVélonasaure
13%
The Island (Carnivore)Carcharodontosaure
12%
The Island (Carnivore)Dimétrodon
12%
The Island (Carnivore)Hyène
12%
AberrationLumicorne
12%
BossMegapithecus
12%
Dinosaures AlphaMosasaure Alpha
12%
The Island (Carnivore)Ours polaire
12%
The Island (Carnivore)Pegomastax
12%
The Island (Carnivore)Purlovia
12%
The Island (Carnivore)Sangsue
12%
The Island (Marin)Ammonite
10%
FjordurAndrewsarchus
10%
The Island (Carnivore)Archaeopteryx
10%
The Island (Herbivore)Bousier
10%
FjordurDesmodus
10%
Boss | FjordurFenrir
10%
RagnarokGolem de lave
10%
AberrationPlumineux
10%
Dinosaures TekQuetzal Tek
10%
BossRockwell
10%
Genesis : Part 2Shadowmane
10%
The Island (Volatile)Titanomyrma
10%
Genesis : Part 2Astrodelphis
9%
The Island (Marin)Baudroie abyssale
9%
Genesis : Part 1Bloodstalker
9%
The Island (Herbivore)Castoroîdes
9%
ValgueroGolem de glace
9%
The Island (Marin)Liopleurodon
9%
Genesis : Part 2Maewing
9%
Genesis : Part 1Mégachelon
9%
Scorched EarthPhénix
9%
The Island (Carnivore)Pulmonoscorpius
9%
AberrationReine faucheuse
9%
Scorched EarthVautour
9%
Scorched EarthVer de sable
9%
Lost IslandAmargasaure
8%
Genesis : Part 1Astrocetus
8%
The Island (Herbivore)Chalicotherium
8%
The Island (Marin)Dunkleosteus
8%
The Island (Marin)Electrophorus
8%
The Island (Herbivore)Pachyrhinosaure
8%
BossTitan du désert
8%
AberrationDévoreur
6%
ExtinctionExécuteur
6%
AberrationGecko luisant
6%
The Island (Carnivore)Hesperornis
6%
The Island (Volatile)Ichthyornis
6%
The Island (Carnivore)Kairuku
6%
AberrationLamproie
6%
The Island (Marin)Leedsichthys
6%
Scorched EarthLézard épineux
6%
ExtinctionManagarm
6%
The Island (Herbivore)Mégathérium
6%
The Island (Herbivore)Mésopithèque
6%
AberrationRat des profondeurs
6%
BossTitan de glace
6%
Dinosaures AlphaTusoteuthis Alpha
6%
RagnarokVer de glace
6%
Dinosaures AlphaBasilic Alpha
5%
BossBeyla
5%
AberrationBulbdog
5%
Lost IslandDinopithèque
5%
The Island (Marin)Euryptéride
5%
Genesis : Part 2Exo-Mek
5%
FjordurFjordhawk
5%
Dinosaures AlphaKarkinos Alpha
5%
Scorched EarthLymantria
5%
ExtinctionMega Mek
5%
ExtinctionMek
5%
AberrationNameless
5%
BossOverseer
5%
The Island (Herbivore)Procoptodon
5%
The Island (Volatile)Rhyniognatha
5%
BossRoi des titans
5%
Dinosaures AlphaRoi faucheur Alpha
5%
Lost IslandSinomacrops
5%
Genesis : Part 2Stryder Tek
5%
BossTitan des forêts
5%
Dinosaures AlphaWyvern de feu Alpha
5%
The Island (Carnivore)Diplocaulus
4%
Genesis : Part 1Essaim d'insectes
4%
Scorched EarthInsecte jarre
4%
Dinosaures AlphaLeedsichthys Alpha
4%
AberrationLuciole
4%
BossReine wyvern de cristal
4%
ExtinctionSacagaz
4%
Dinosaures AlphaVer de sable Alpha
4%
Dinosaures AlphaWyvern de cristal de sang Alpha
4%
ExtinctionEclaireur
3%
BossMaitre contrôleur corrompu
3%
BossMoeder
3%
Genesis : Part 2Noglin
3%
BossPrime Rockwell
3%
BossRoi dinopithèque
3%
Cristal IslesTropéognathus
3%
ExtinctionUnité de défense
3%
Genesis : Part 1Bancs de poissons perroquets
1%
ValgueroGolem de craie
1%
BossHati &Skoll
1%
Genesis : Part 1Murène servante
1%
BossSteinbjorn
1%
ExtinctionWyvern des forêts
1%
Genesis : Part 2Voidwyrm
0%

Distribution des résultats

Percentile par nombre de réponses

% des personnes avec chaque résultat

Votre développement - résultats

Vous n’avez pas pris ce quiz depuis la dernière actualisation